Statistiques concernant César de la meilleure actrice dans un second rôle

Cliquez ici pour prendre le quiz!

Statistiques générales

  • Ce quiz a été pris 450 fois
  • Le résultat moyen est 25 sur 40

Statistiques - réponses

AnnéeActriceFilm% Correct
1994Valérie LemercierLes Visiteurs
90%
2007Valérie LemercierFauteuils d'orchestre
90%
2006Cécile de FranceLes Poupées russes
89%
2000Charlotte GainsbourgLa Bûche
84%
1987Emmanuelle BéartManon des sources
83%
1997Catherine FrotUn air de famille
81%
1998Agnès JaouiOn connaît la chanson
79%
2002Annie GirardotLa Pianiste
79%
1996Annie GirardotLes Misérables
79%
2003Karin ViardEmbrassez qui vous voudrez
78%
2005Marion CotillardUn long dimanche de fiançailles
75%
1991Dominique BlancMilou en mai
74%
1999Dominique BlancCeux qui m'aiment prendront le train
74%
1993Dominique BlancIndochine
74%
2013Valérie BenguiguiLe Prénom
74%
1989Hélène VincentLa vie est un long fleuve tranquille
72%
2004Julie DepardieuLa Petite Lili
70%
2008Julie DepardieuUn Secret
70%
1982Nathalie BayeUne étrange affaire
66%
1981Nathalie BayeSauve qui peut (la vie)
66%
2015Kirsten StewartSils Maria
65%
1986Bernadette LafontL'effrontée
60%
1990Suzanne FlonLa Vouivre
59%
1984Suzanne FlonL'été meurtrier
59%
2014Adèle HaenelSuzanne
57%
1985Caroline CellierL'Année des méduses
56%
2012Carmen MauraLes femmes du 6e étage
52%
2001Anne AlvaroLe Goût des autres
51%
2011Anne AlvaroLe Bruit des glaçons
51%
1988Dominique LavanantAgent trouble
51%
1992Anne BrochetTous les matins du monde
50%
1979Stéphane AudranViolette Nozière
49%
2010Emmanuelle DevosA l'origine
48%
1977Marie-France PisierBarocco
46%
1976Marie-France PisierCousin, Cousine
46%
1980Nicole GarciaLe Cavaleur
43%
1995Virna LisiLa Reine Margot
43%
2009Elsa ZylbersteinIl y a longtemps que je t'aime
36%
1983Fanny CottençonL'étoile du Nord
28%
1978Marie DuboisLa Menace
22%

Distribution des résultats

Percentile par nombre de réponses

% des personnes avec chaque résultat

Votre développement - résultats

Vous n’avez pas pris ce quiz